Densely Populated Countries Quiz Stats

 Plays Quiz Updated Jul 13, 2018

Challenge
Share
Tweet
Embed
Score 0/50 Timer 08:00
0 Plays Today
Rank Country % Correct
22India
86.3%
28Japan
84.7%
34United Kingdom
74.9%
3Vatican
68.9%
40Germany
63%
1Monaco
63%
14South Korea
62.6%
11Taiwan
59.8%
2Singapore
59.4%
7Bangladesh
57.7%
31Vietnam
56.1%
21Israel
54.6%
36Pakistan
54.5%
20Netherlands
53.3%
13San Marino
52%
24Belgium
51.3%
23Haiti
49.6%
29Grenada
48.9%
32Jamaica
45.7%
48St. Kitts and Nevis
45.6%
27Sri Lanka
44.5%
8Palestine
44.4%
26Philippines
43.3%
44Sao Tome & Principe
41%
6Malta
40.8%
Rank Country % Correct
12Lebanon
36.8%
4Bahrain
33.3%
9Barbados
30.3%
5Maldives
30.2%
16Rwanda
29.3%
38Trinidad and Tobago
29.1%
30El Salvador
27.1%
39Luxembourg
27.1%
15Nauru
26.2%
17Tuvalu
25.3%
47Italy
24.6%
37Liechtenstein
24.2%
25Comoros
23.2%
10Mauritius
22.8%
19Marshall Islands
22.4%
18Burundi
22.4%
43North Korea
21.3%
41Dominican Republic
21.2%
46Nigeria
19.8%
49Qatar
19%
50Nepal
17.9%
45Seychelles
15.3%
35St. Vincent & The Grenadines
15.1%
33Saint Lucia
14.3%
42Antigua & Barbuda
14.3%

You're not logged in!

Compare scores with friends on all Sporcle quizzes.
OR
Log In

You Might Also Like...

Show Comments

Extras

Top Quizzes Today


Score Distribution

Your Account Isn't Verified!

In order to create a playlist on Sporcle, you need to verify the email address you used during registration. Go to your Sporcle Settings to finish the process.

Report this User

Report this user for behavior that violates our Community Guidelines.

Details: